000 00631nam a2200169Ia 4500
008 090711s9999 xx 000 0 und d
082 _b91590
100 _aकेळकर द्वा. वा.
245 _aअर्वाSाीन भारतीय शास्त्रज्ञ
260 _c1970
300 _a89
600 _aकेळकर द्वा. वा.
630 _aअर्वाSाीन भारतीय शास्त्रज्ञ
700 _aकेळकर द्वा. वा.
730 _aअर्वाSाीन भारतीय शास्त्रज्ञ
942 _cBOOK
999 _c296424
_d296424